What pet to get? / (Record no. 111219)
[ view plain ]
| 000 -LEADER | |
|---|---|
| fixed length control field | 00534nam a2200145 a 4500 |
| 005 - DATE AND TIME OF LATEST TRANSACTION | |
| control field | 20140414131911.0 |
| 008 - FIXED-LENGTH DATA ELEMENTS--GENERAL INFORMATION | |
| fixed length control field | 101012s19uu xx 00 eng d |
| 050 ## - LIBRARY OF CONGRESS CALL NUMBER | |
| Classification number | ER |
| Item number | Wh555 2006 |
| 100 ## - MAIN ENTRY--PERSONAL NAME | |
| Personal name | Dodd, Emma |
| 245 ## - TITLE STATEMENT | |
| Title | What pet to get? / |
| Statement of responsibility, etc | Emma Dodd. |
| 250 ## - EDITION STATEMENT | |
| Edition statement | 1st American ed. |
| 260 ## - PUBLICATION, DISTRIBUTION, ETC. (IMPRINT) | |
| Place of publication, distribution, etc | New York : |
| Name of publisher, distributor, etc | Scholastic , |
| Date of publication, distribution, etc | 2006. |
| 520 ## - SUMMARY, ETC. | |
| Summary, etc | Jack's mother agrees that he may have a pet, but when he suggests everything from an elephant to a tyrannosaurus res, she must explain why each would be less than ideal. |
| Withdrawn status | Lost status | Damaged status | Home library | Current library | Shelving location | Date acquired | Total Checkouts | Full call number | Barcode | Date last seen | Price effective from | Koha item type |
|---|---|---|---|---|---|---|---|---|---|---|---|---|
| Munich Library | Munich Library | Easy Reading Section | 10/12/2010 | ER Wh555 2006 | M1817 | 04/14/2014 | 04/14/2014 | Books |